Finnish places - sudden death - Statistics

General Stats
  • This quiz has been taken 598 times
    330 since last reset
  • The average score is 14 of 31
Answers on the Grid
Answers color-coded by a green-red scale on the quiz's grid according to % correct below.
Dortmund
Tampere
Pittsburgh
Santa's Village
Rio de Janeiro
A lake with 13,710 islands
Nokia headquarters
Jyväskylä
Lapland
Mainland Europe's northernmost point
European Parliament
Helsinki
Lenin's birthplace
Karelia
North Pole
Gulf of Bothnia coast
Åland Islands
Nizhnevartovsk
Rovaniemi
Birthplace of Linus Torvalds
Barents Sea coast
Lappeenranta
Land below sea level
Olympic Stadium
Turku
Forest covering 73.7% of land
Manado
The northernmost capital
Hämeenlinna
Joensuu
Depok
Espoo
Okayama
Äteritsiputeritsipuolilautatsijänkä
The EU's northernmost point
Vantaa
Kouvola
Ylöjärvi
Kahama
Blida
Krakow
Oulu
Helsingin päärautatieasema
Västerås
Nuorgam
178,947 islands
Bukavu
Kohtla-Järve
Lahti
Balikpapan
Jambi
Arctic Ocean coast
Kuopio
Semmonen niemi, jossa käärme koiraa pisti
 
Answer Stats
Answer % Correct
Tampere
83%
Jyväskylä
81%
Lapland
81%
Helsinki
74%
Santa's Village
71%
Nokia headquarters
60%
Rovaniemi
52%
Turku
51%
Espoo
50%
Lappeenranta
48%
Oulu
48%
Vantaa
48%
Ylöjärvi
46%
Hämeenlinna
45%
Lahti
45%
Joensuu
44%
Kuopio
43%
Kouvola
41%
Karelia
39%
Lake Saimaa. Has the world's longest lake coastline (14,500 km) A lake with 13,710 islands
38%
Comprising around 6,700 islands Åland Islands
37%
Helsinki Central Station Helsingin päärautatieasema
36%
Olympic Stadium
35%
The biggest percentage of any Eurasian nation Forest covering 73.7% of land
29%
Gulf of Bothnia coast
27%
The English translation is: That cape where a snake bit the dog Semmonen niemi, jossa käärme koiraa pisti
25%
A bog Äteritsiputeritsipuolilautatsijänkä
24%
Listed as the 3rd-most of any country in the world 178,947 islands
21%
Developer of Linux Birthplace of Linus Torvalds
21%
Nuorgam
20%
The EU's northernmost point
18%
No matching quizzes found
Score Distribution
Percent of People with Each Score
Percentile by Number Answered
Your Score History
You have not taken this quiz since the last reset